000 00289nam a22001337a 4500
008 170920b xxu||||| |||| 00| 0 eng d
020 _a9780205381128
041 _aeng
080 _23RD
_a7
100 _a45
101 _aART
245 _aMOVIES AND MEANING
_cPRINCE,S
942 _2udc
_cBK
999 _c28517
_d28517